| 000 | 00766cam a22002054a 4500 | ||
|---|---|---|---|
| 005 | 20250605164353.0 | ||
| 008 | 250528s ||||||||||||||||||||||||d | ||
| 035 | _a24172 | ||
| 020 | _a9780904187199 | ||
| 040 |
_aGR-AtMCL _bgre _dGR-AtMCL _eAACR2 |
||
| 245 | 1 | _aEnabling Environments on a Shoestring: A Guide to Developing and Reviewing Early Years Provision | |
| 260 |
_aLondon, _c2014 |
||
| 300 | _a60 | ||
| 520 | _aIntroduction, Acknowledgements, Principles for an Enabling Environment, Practical Tips, Case Studies, Reviewing and Reflecting, End Words, References and Further Reading. | ||
| 700 | 1 |
_aEaton Caroline _99424 |
|
| 942 | _cBK | ||
| 710 | 2 |
_aThe British Association For Early Childhood Education _99826 |
|
| 999 |
_c9068 _d9068 |
||